| 000 | 00842na a2200265 4500 | ||
|---|---|---|---|
| 001 | 21609 | ||
| 003 | MIRAKIL | ||
| 005 | 20181213155120.0 | ||
| 008 | 170206b tu 000 0 | ||
| 035 | _a21055 | ||
| 040 |
_aMilas _btur _cTR-AnCHP |
||
| 041 | _atur | ||
| 082 |
_a324.2372 _bH96 2005 |
||
| 090 | _a324.2372 H96 2005 | ||
| 110 | _aHalkın Yükselişi Partisi (HYP) | ||
| 245 |
_aHalkın Yükselişi Partisi _b(Halk için halkla birlikte) _bProgram _cHYP |
||
| 260 |
_aİstanbul _bHYP _c2005 |
||
| 300 |
_a142 s. _c17 sm. |
||
| 610 |
_aHalkın Yükselişi Partisi (HYP) _xProgramlar, 2005 |
||
| 610 |
_aHalkın Yükselişi Partisi (HYP) _xPropaganda ve ideolojiler |
||
| 650 |
_aSosyal demokrat partiler _zTürkiye |
||
| 710 | _aHalkın Yükselişi Partisi (HYP) | ||
| 830 | _aHalkın Yükselişi Partisi | ||
| 942 |
_2ddc _cBKS |
||
| 999 |
_c6823 _d6823 |
||